Statistiken für Länder die das meiste Getreide produzieren

Klicken Sie hier um das Quiz zu spielen!

Allgemein

  • Dieses Quiz wurde 115 mal gespielt
  • Das Durchschnittsergebnis liegt bei 12 aus 15

Antwortstatistiken

Getreideproduktion in Mio. tLand% Korrekt
43Deutschland
98%
130Russland
97%
434USA
97%
64Ukraine
96%
615China
92%
335Indien
87%
125Brasilien
86%
65Kanada
86%
56Frankreich
84%
86Argentinien
76%
37Türkei
65%
77Indonesien
59%
42Pakistan
55%
47Vietnam
43%
59Bangladesch
31%

Verteilung der Resultate

Perzentil nach korrekt beantworteten Fragen

Anzahl Personen mit jedem Resultat

Ihre Resultats-Entwicklung

Sie haben dieses Quiz noch nicht gespielt